LEADER 01073nam a2200277 u 4500 001 000000016298 003 CaOOAMICUS 005 20070226105958.0 008 941010s1972 it u000 u ita u 035 $a10382253 040 $aPUL$bita 100 1 $aGalbraith, John Kenneth,$d1908-$0(OLS)http://pul/name/14837 245 13$aLa società opulenta /$cJohn Kenneth Galbraith. 260 $a[Torino] :$bBoringhieri,$c1972. 300 $a365 p. ;$c19 cm 490 1 $aUniversale scientifica ;$v81-82 500 $aInclude indici. 650 4$aSocietà.$0(OLS)http://pul/subject/7210 650 4$aEconomia.$0(OLS)http://pul/subject/1893 830 0$aUniversale scientifica ;$v81-82.$0(OLS)http://pul/title/545 850 $aPUL 852 $aPUL$W1$xDP1 Cons. Gen., Altre Classi 1$y22$m46 E 32$j22967$nBK-PRI$b $qStampati$B22967$CPULBib$Z2$F22967 $H $81 941 1 $a8 961 $aINV: 40266 996 $6245$aLa società opulenta$9(OLS)http://pul/title/23266 996 $6260$a[Torino] :$bBoringhieri$9(OLS)http://pul/publisher/55009 LEADER 01254nam a2200325 u 4500 001 000000032639 003 CaOOAMICUS 005 20070226112256.0 008 971021s1990 it u000 u ita u 020 $a8839404414 035 $a10773697 040 $aPUL$bita 041 1 $aita$hger 245 03$aLa Bibbia alle origini della chiesa /$cPaul Lamarche ... [et al.] ; edizione italiana a cura di Bruno Chiesa. 260 $aBrescia :$bPaideia,$cc1990. 300 $a169 p. ;$c21 cm 490 1 $aStudi biblici ;$v92 500 $aComprende indici. 500 $aTit. orig.: Bible de tous les temps. 504 $aBibliografia in nota. 700 1 $aLamarche, Paul,$cS.I.$0(OLS)http://pul/name/16277 700 1 $aChiesa, Bruno.$0(OLS)http://pul/name/12445 830 0$aStudi biblici (Paideia) ;$v92.$0(OLS)http://pul/title/88 850 $aPUL 852 $aPUL$W1$xSL Religione 1$y3$m10 M 92$j44952$nBK-PRI$b $qStampati$B44952$CPULBib$Z2$F44952 $H $81 941 1 $a8 961 $aINV: 65187. 996 $6020$a8839404414$9(OLS)http://pul/number/40980 996 $6245$aLa Bibbia alle origini della chiesa$9(OLS)http://pul/title/44994 996 $6260$aBrescia :$bPaideia$9(OLS)http://pul/publisher/47884